00389nam a22001337a 450000500170000000800410001704100130005808200130007110000130008424500420009726000580013930000320019765000260022920240611145201.0240611b |||||||| |||| 00| 0 eng d aEnglish  a349 LAW  lEnglish  aThe All England Law Reports: Reprint  aLondon: bButterworth and Co. Publishers Ltd, c1964  bxxxvi, 976 pages; c25 cm.  aLegal practice bLaw